00363nam a2200133Ia 4500008004100000020001500041041001200056082001600068100001700084245006700101260003800168300000800206650001500214221030s9999 xx 000 0 und d a8171696309 aEnglish a105.23bDud aV. D. Dudeja 0aHuman Resource Management & Development in the New Millennium bCommonwealth PubaNew Delhic2000 a342 aManagement